000 00730cam a22002533a 4500
001 14101
003 PGUSA
005 20140828083313.0
008 041120s2004||||xxu|||||s|||||000 | eng d
040 _aPGUSA
_beng
042 _adc
050 4 _aPZ
050 4 _aAP
245 1 0 _aDew Drops, Vol. 37, No. 10, March 8, 1914
_h[electronic resource] /
_cVarious
260 _bProject Gutenberg,
_c2004
506 _aPublic domain in the USA.
516 _aElectronic text
653 _aChildren's literature -- Periodicals
653 _aChristian literature for children -- Periodicals
700 1 _aCook, George E.
830 0 _aProject Gutenberg
_v14101
856 4 0 _uhttp://www.gutenberg.org/ebooks/14101
942 _cEB
999 _c243356
_d243356